Регионална библиотека "Любен Каравелов" - Русе

Да се учим да пишем есе (Запис номер 27241)

MARC детайли
000 -Лидер
Контролно поле с фиксирана дължина 01417nam a2200349 c 4500
003 - Код на организацията, давaща контролен номер
Контролно поле BLK
005 - Дата и час на последна редакция
Контролно поле 20180420220136.0
008 - Елементи от данни с фиксирана дължина
fixed length control field 180413b bul|||||r ||||||| ||bul||
010 ## - Наследен системен номер
LC control number KNG00029817000
020 ## - Международен стандартен номер на книга ISBN
Международен стандартен номер на книга ISBN 954-426-213-Х
-- издат.: Анубис
040 ## - Източник на каталожния запис
Идентификатор на билиотеката - собственик на записа BLK
041 ## - Код за език
Код за езика на текст/звукозапис или на отделно заглавие Български
Код за езика КДБФ Български
080 ## - УДК
Текстов определител УДК Литература
УДК код - определител по УДК 82
УДК определител -4.01(07)
УДК - код + определител 82-4.01(07)
080 ## - УДК
Текстов определител УДК Българска литература
УДК код - определител по УДК 821.163.2
УДК определител -4.09(07)
УДК - код + определител 821.163.2-4.09(07)
080 ## - УДК
Текстов определител УДК Българска литература
УДК код - определител по УДК 821.163.2
УДК определител -4(082)(07)
УДК - код + определител 821.163.2-4(082)(07)
100 1# - Редна дума - Автор
Автор Матеева, Невена Димитрова
Авторска отговорност първи автор
R(LIN) 249253
139 ## - Редно поле
Редна дума Матеева, Невена Димитрова
Авторски знак Мате - М 39
245 10 - Сведения за заглавието
Заглавие Да се учим да пишем есе
Подзаглавни данни Уч. пособие за ученици
Редно поле (дума) Невена Димитрова Матеева.
257 ## - Страна на издаване
Страна на създаване/издаване България
260 ## - Област на издателските данни
-- София
Име на издателя, разпространителя и проч. Анубис
Година на издаване 1999
Печатница София : Д. Благоев
300 ## - Физическа характеристика
Страници 103 с.
Илюстрации и др. с табл., сх.
Размери/Мащаб 21 см
380 ## - Жанр
Жанр Литературознание
500 ## - Общи забележки
Забележка Офс. изд. - 3 000 тир. - Библиогр. с. 102.
650 #4 - Допълнително описание по предмет – тема
Основно описание – тема или топоним Есе - методика на писане
9 (RLIN) 269182
653 ## - Ключова дума – ненормативна
Ключова дума есета
653 ## - Ключова дума – ненормативна
Ключова дума методики
852 ## - Местоположение
Форматна сигнатура Цб 202533
856 4# - Електронен адрес и достъп
Електронен формат pdf - файл
Път до файла /url/
856 4# - Електронен адрес и достъп
Електронен формат pdf - файл
Път до файла /url/
942 ## - АРТИКУЛИ
Вид на библиотечния материал Книги
Скрит в OPAC Не
944 ## - СЪЗДАВАНЕ И РЕДАКЦИЯ на ЗАПИСА
Създаване/Редакция Създаване
Дата на регистрацията/редакция 15.01.2003
Статус, дата на статуса ф /
Служител, извършил регистрацията/редакцията Людмила_Стоянова
944 ## - СЪЗДАВАНЕ И РЕДАКЦИЯ на ЗАПИСА
Създаване/Редакция Редакция
Дата на регистрацията/редакция 22.11.2011
Статус, дата на статуса ф /
Служител, извършил регистрацията/редакцията
999 ## - СИСТЕМНИ КОНТРОЛНИ НОМЕРА
Koha biblionumber 27241
Koha biblioitemnumber 27241
Наличности
Код за отписване Код за изгубен артикул Източник на класификационната схема Код за повреда Коз за рестрикции Код за отдаване Артикулен № Име на библиотеката - собственик Име на библиотеката, в която се намира в момента Статус (Текущо местоположение) Дата на вписване в системата Местоположение - отдел Цена в лева Инвентарен номер Систематично азбучна сигнатура Баркод Номер на екземпляра Цена в евро Служебна бележка Служебен тип на артикула
  Не е изгубен Universal Decimal Classification Не е повреден без рестрикции ползва се в читалня 44045 Регионална библиотека "Любен Каравелов" Русе Регионална библиотека "Любен Каравелов" Русе Хранилище 2001-01-01 Хранилище 2.50 652009 Цб 202533 120000652009 1 1.28 Дост: Dp Вид: Д N: 47 Дата: 01.01.1999 Книги
Изтеглен Не е изгубен Universal Decimal Classification Не е повреден без рестрикции заемане за дома 44046 Регионална библиотека "Любен Каравелов" Русе Регионална библиотека "Любен Каравелов" Русе Заемна - подръчен фонд 2001-01-01 Заемна - подръчен фонд 2.50 655255 П 82.0/М 39 655255 2 1.28 Дост: Pk Вид: Ф N: стар фонд Дата: 01.01.1999 Книги
Изтеглен Не е изгубен Universal Decimal Classification Не е повреден без рестрикции заемане за дома 44047 Регионална библиотека "Любен Каравелов" Русе Регионална библиотека "Любен Каравелов" Русе Заемна - подръчен фонд 2011-10-28 Заемна - подръчен фонд 2.50 120000753974 П 82.0/М 39 120000753974 3 1.28 Дост: DA Вид: А N: 18 Дата: 28.10.2011 Дата инв: 08.02.2018 Бележки инв: П2018 Книги
Vip Innovations Ltd, Rousse, Bulgaria 2025